Statistics for Complete the Card - WWE WrestleMania 23

Click here to take the quiz!

General Stats

  • This quiz has been taken 508 times
  • The average score is 21 of 28

Answer Stats

Answer% Correct
John Cena
97%
The Undertaker
95%
Bobby Lashley
93%
Shawn Michaels
93%
Edge
91%
Umaga
91%
Batista
90%
Jeff Hardy
86%
Matt Hardy
86%
Randy Orton
85%
Rob Van Dam
83%
CM Punk
82%
Kane
82%
MVP
77%
Tommy Dreamer
77%
Chris Benoit
74%
Mr. Kennedy
72%
Sabu
70%
The Sandman
69%
Finlay
65%
King Booker
59%
The Great Khali
59%
Melina
53%
Elijah Burke
52%
Ashley
46%
Kevin Thorn
46%
Marcus Cor Von
44%
Matt Striker
41%

Score Distribution

Percentile by Number Answered

Percent of People with Each Score

Your Score History

You have not taken this quiz